000
00294nam a22001217a 4500
020
_a
0-12-147706-1
082
_a
621.362 INF'B
100
_a
BUTTON, K.J
_9
74569
245
_a
INFRARED AND MILLIMETER WAVES SYSTEMS AND COMPONENTS
260
_a
NEWYORK
_b
AP
_c
1982
300
_a
V-6
942
_c
BK
999
_c
580086
_d
580086